Advanced accounting : student companion enrichment manual
Saved in:
| Main Author: | |
|---|---|
| Other Authors: | , |
| Format: | Book |
| Language: | English |
| Published: |
Cincinnati, Ohio :
South-Western,
c1993
|
| Edition: | 5th ed. |
| Subjects: | |
| Tags: |
Add Tag
No Tags, Be the first to tag this record!
|
MARC
| LEADER | 00000nam a2200000 i 4500 | ||
|---|---|---|---|
| 001 | 1/49689 | ||
| 008 | 960403s1993 eng d | ||
| 020 | |a 0-538-82252-X | ||
| 035 | |l 10026877 | ||
| 040 | |a GR-MY-UA |b gre |e aacr | ||
| 041 | 0 | |a eng | |
| 082 | 0 | |a 657.046 | |
| 100 | 1 | |a Fischer, Paul M. | |
| 245 | 1 | 0 | |a Advanced accounting : |b student companion enrichment manual / |c Paul M. Fischer, William J. Taylor, J. Arthur Leer |
| 250 | |a 5th ed. | ||
| 260 | |a Cincinnati, Ohio : |b South-Western, |c c1993 | ||
| 300 | |a 282 σ. | ||
| 650 | 0 | 0 | |a Accounting. |
| 700 | 1 | |a Taylor, William James. | |
| 700 | 1 | |a Leer, J. Arthur. | |
| 852 | |a INST |b CHIOS |e 19960403 |h 657.046 FIS |p 005200003568 |q 005200003568 |t BK |y 0 | ||
| 909 | |a Χ |b 037944 | ||